Advances in Induction and Microwave Heating of Mineral and Organic Materials (Record no. 60467)

MARC details
000 -LEADER
fixed length control field 01188nam a2200205Ii 4500
008 - FIXED-LENGTH DATA ELEMENTS--GENERAL INFORMATION
fixed length control field 221202s xx 000 0 und d
245 #0 - TITLE STATEMENT
Title Advances in Induction and Microwave Heating of Mineral and Organic Materials
264 ## - PRODUCTION, PUBLICATION, DISTRIBUTION, MANUFACTURE, AND COPYRIGHT NOTICE
Name of producer, publisher, distributor, manufacturer InTechOpen
Date of production, publication, distribution, manufacture, or copyright notice 2011
300 ## - PHYSICAL DESCRIPTION
Extent 1 online resource (766 pages)
336 ## - CONTENT TYPE
Content type term text
Content type code txt
Source rdacontent
337 ## - MEDIA TYPE
Media type term computer
Media type code c
Source rdamedia
338 ## - CARRIER TYPE
Carrier type term online resource
Carrier type code cr
Source rdacarrier
520 ## - SUMMARY, ETC.
Summary, etc. The book offers comprehensive coverage of the broad range of scientific knowledge in the fields of advances in induction and microwave heating of mineral and organic materials. Beginning with industry application in many areas of practical application to mineral materials and ending with raw materials of agriculture origin the authors, specialists in different scientific area, present their results in the two sections: Section 1-Induction and Microwave Heating of Mineral Materials, and Section 2-Microwave Heating of Organic Materials.
653 ## - INDEX TERM--UNCONTROLLED
Uncontrolled term Induction
653 ## - INDEX TERM--UNCONTROLLED
Uncontrolled term Microwave Heating
653 ## - INDEX TERM--UNCONTROLLED
Uncontrolled term Mineral And Organic Materials
700 1# - ADDED ENTRY--PERSONAL NAME
Personal name Grundas, Stanislaw
856 ## - ELECTRONIC LOCATION AND ACCESS
Uniform Resource Identifier <a href="http://library.oapen.org/handle/20.500.12657/32351">http://library.oapen.org/handle/20.500.12657/32351</a>
942 ## - ADDED ENTRY ELEMENTS (KOHA)
Koha item type E-Book
Holdings
Withdrawn status Damaged status Not for loan Home library Current library Date acquired Total Checkouts Date last seen Price effective from Koha item type
      Directory of Open Access Books Directory of Open Access Books 11/28/2022   11/28/2022 11/28/2022 E-Book

University of Rizal System
Email us at univlibservices@urs.edu.ph

Visit our Website www.urs.edu.ph/library